Normal view
MARC view
Entry Topical Term
001 - CONTROL NUMBER
- control field: 25764
003 - CONTROL NUMBER IDENTIFIER
- control field: OSt
005 - DATE AND TIME OF LATEST TRANSACTION
- control field: 20220324102949.0
008 - FIXED-LENGTH DATA ELEMENTS
- fixed length control field: 220324|| aca||aabn | a|a d
040 ## - CATALOGING SOURCE
- Original cataloging agency: OSt
- Transcribing agency: OSt
150 ## - HEADING--TOPICAL TERM
- Topical term or geographic name entry element: Australiaada Paurāṇika Kathegaḷu ಆಸ್ಟ್ರೇಲಿಯಾದ ಪೌರಾಣಿಕ ಕತೆಗಳು
670 ## - SOURCE DATA FOUND
- Source citation: Work cat.: (OSt): K Langlo Parker ಕೆ ಲ್ಯಾಂಗ್ಲೋ ಪಾರ್ಕರ್ 25763, Australiaada Jaanapada Kategalu ಆಸ್ಟ್ರೇಲಿಯಾದ ಜಾನಪದ ಕತೆಗಳು , 2021